Statistics for Kirby: Star Allies Bosses and Boss Titles

Click here to take the quiz!

General Stats

  • This quiz has been taken 34 times
  • The average score is 32 of 61

Answer Stats

Answer% Correct
Whispy Woods
92%
King Dedede
88%
Flamberge
80%
Flamberge (Rematch)
80%
Flamberge (Soul Melter EX)
80%
Francisca
80%
Francisca (Rematch)
80%
Francisca (Soul Melter EX)
80%
Meta Knight
80%
Morpho Knight
80%
Void
80%
Hyness
76%
Kracko
72%
Twin Kracko
72%
Void Termina
72%
Void Termina (Soul Melter EX)
72%
Zan Partizanne
72%
Zan Partizanne (Rematch)
72%
Zan Partizanne (Soul Melter EX)
72%
Destroyer of Worlds
64%
Pon & Con
64%
The Three Mage-Sisters
64%
Parallel Twin Kracko
60%
Parallel Woods
60%
Void Soul
60%
Yggy Woods
56%
Astral Birth
52%
Corrupt Hyness
52%
Goldon & Silvox
52%
Grand Mam
52%
Parallel Big Kracko
52%
Parallel Dedede
52%
Guardian of the Forest
48%
His Royal Nemesis
48%
Parallel Meta Knight
48%
Reborn Butterfly
44%
Big Bad Mama
40%
Cycloptic Stormcloud
40%
Officiant of Doom
40%
The Lone Swordsman
40%
The True Destroyer of Worlds
40%
Dual Thunderheads
36%
Frozen General
36%
Morpho Knight EX
36%
Blazing General
32%
Bringer of Flame
32%
Bringer of Icy Doom
32%
Bringer of Shock
32%
Dual Defenders
32%
Lightning General
32%
Repentant Retaliators
32%
Dark-Winged Disaster
28%
Fell Officiant
28%
Old-Growth Elder
28%
Essence of Chaos
24%
Otherworldly Arbor
24%
The Metal Heavies
24%
Otherworldly Frost Blade
20%
Unearthly Storm Front
20%
Otherworldly Dark Liege
16%
Unearthly Thunderhead
16%

Score Distribution

Percentile by Number Answered

Percent of People with Each Score

Your Score History

You have not taken this quiz